000 00325 a2200157 4500
001 61237
020 _a8532251390
040 _cAnchieta - Pituba
100 _aGoes, Ana
240 1 0 _aIn @ction 6
_lIng
245 1 0 _aIn @ction 6
300 _a168/38
362 0 _a2003
650 4 _aInglês e inglês antigo
942 _cBK
999 _c61237
_d61237